MDQL
is popping MORE tags! Check the
thread
!
Quizzes
Events
Quiz Creation
Community
Videos
Private Events
Remove Ads
Sign In
Join for FREE
Feedback
Dark Mode
Quiz Categories
Sports
Geography
Music
Movies
Television
Just For Fun
Miscellaneous
History
Literature
Language
Science
Gaming
Entertainment
Religion
Holiday
For Kids
Quiz Lab
Recent
Popular Today
Quiz Kudos Today
Editor Picks
Curator Picks
Quizzes by...
Day
Popularity
Type
Ratings
Length
Year
Community
Subscriptions
Recent Discussions
Orange Saloon
Badges
Playlists
Quests
Create
Leaderboards
Showdown
Live 5
Trivia Bingo
Activity
Puzzle Library
Sporcle Events
Private Events
Virtual Trivia
Globe League
Become a Host
Pub Owners
SporcleCon
Opinionation
Our Games
Videos
Blog
Mobile Apps
Partnerships
Remove Ads and Go Orange
Feedback
Language
Vocabulary
Begins and Ends
Definition
Spanish
French
German
Italian
Chinese
Latin
Translation
Japanese
Language
Vocabulary
Begins and Ends
Definition
Spanish
French
German
Italian
Chinese
Latin
Translation
Japanese
Random Quiz
Search Sporcle
×
Quiz Lab
Quiz Lab
Language
Spanish
Type in answers that appear in a list
Type in answers that appear in a list
Classic
Best Score? Go Orange.
Dyson A2 AQA Spanish vocab la riquieza y la pobreza Stats
Can you name the A2 AQA Spanish vocab la riquieza y la pobreza?
By
monsieurbiscuit
10m
60 Questions
8 Plays
8 Plays
8 Plays
Comments
Comments
Give Quiz Kudos
Give Quiz Kudos
-
- Ratings
hide this ad
Replay
Link that replays current quiz
Next Quiz
Link to next quiz in quiz playlist
You Got
0%
They Got
Avg Score
35%
Avg Friend Score
Upgrade to see
Score Distribution
Jump to the score distribution portion of the page
Score
0/60
Timer
10:00
0
Plays Today
Hint
Answer
% Correct
una deficiencia
deficiency
75%
la desigualdad social
social inequality
62.5%
la calidad de vida
quality of life
62.5%
la desnutrición
malnutrition
62.5%
la falta
lack
62.5%
la superpoblación
over-population
62.5%
la sed
thirst
62.5%
la tasa
rate
62.5%
el apoyo
support
62.5%
un país tercermundista
a third-world country
62.5%
un subsidio
subsidy
62.5%
los indigentes
the homeless
62.5%
el terremoto
earthquake
62.5%
el sobrepeso
overweight
62.5%
desequilibrado
unequal
50%
endeudado/
a
in debt
50%
la deuda
debt
50%
el hambre
famine
50%
una sequía
drought
50%
los gobiernos corrompidos
corrupt governments
50%
los países en vías de desarrollo
the developing countries
50%
un intervalo/
hueco
gap
50%
la deuda
the debt
50%
adinerado
well-off
37.5%
el impuesto sobre la renta
income tax
37.5%
el comercio justo
fair trade
37.5%
mendigar
to beg
37.5%
estar endeudado/
a
to be in debt
37.5%
el campesino
peasant
37.5%
el/
la portavoz
spokesperson
37.5%
Hint
Answer
% Correct
las mercancías
goods
25%
la lucha por la sobreviviencia cotidiana
a fight for daily survival
25%
los desvalidos
the underprivileged
25%
los sin techo
homeless people
25%
el analfabetismo
illiteracy
25%
el estado del bienestar
welfare state
25%
un marginado
the marginalised
25%
empobrecer(se)
to impoverish
25%
vivir por debajo del umbral de pobreza
to live below the poverty line
25%
solidario
caring
25%
necesitado/
desventajado
deprived
12.5%
la desigualdad de oportunidades
inequality of opportunity
12.5%
una chabola
a shack
12.5%
la indigencia, pobreza extrema
destitution
12.5%
la recesión
la recesión recession
12.5%
una organización caritativa
charitable organisation
12.5%
el hundimiento económico
economic collapse
12.5%
enriquecer(se)
to make rich
12.5%
permitirse
to afford
12.5%
tasar
to tax
12.5%
las limosnas
the charities
12.5%
no llegar al final del mes
not to be able to manage until the end of the month
12.5%
un cuchitril
a hovel
12.5%
el arancel
tariff
12.5%
estancarse
to stagnate
12.5%
el Samur Social
social services
12.5%
ubicarse
to be placed
12.5%
el micro-
crédito
small-scale loan
12.5%
el préstamo
bank loan
12.5%
el parto
chidbirth
12.5%
Quiz Playlist
Details
Report
Send in Message
Add To Playlist
Classic:
Type in answers that appear in a list
Last Updated: Feb 16, 2017
Quiz Scoreboard
CHALLENGE
Sign Up to Join the Scoreboard
Show All
Scores
Hide
Comments
May contain spoilers
Recently Published
Colored Red Africa Blitz
by spor1
Geography
30s
Find the 'City' Movie
by crazypaving
Movies
60s
5x2 Blitz: Bands
by SL_Kpop136
Music
30s
More to Explore
Quiz From the Vault
Featured Blog Post
14 Easter Pick-up Lines to Find Eggs With
hide this ad
You Might Also Like...
Tags
Spanish Quiz
AQA
Today's Top Quizzes in Language
Browse Language
hide this ad
Today's Top Quizzes in Spanish
Browse Spanish
Top Contributed Quizzes in Language
1
1-10 Letter F Words III
2
1-10 Letter G Words III
3
1-10 Letter H Words III
4
1-10 Letter I Words III
5
1-10 Letter K Words III
6
1-10 Letter L Words III
7
1-10 Letter M Words III
8
1-10 Letter J Words III
9
1-10 Letter N Words III
10
Greek Alphabet Match
Explore More
Trending Topics
Crossword
Harry Potter
Marvel
Disney
Kpop
NBA
Anime
Pokémon
Puzzle
Song
Country
Soccer
NFL
WWE
The Office
hide this ad
More By:
monsieurbiscuit
Quiz
Plays
Rating
Category
Featured
Created
CWLC Year 7 French vocab
1,768
4.33
Language
Feb 12, 2015
Dyson Year 8 German
711
3.40
Language
Jan 29, 2015
CWLC French Environment
641
5.00
Language
May 2, 2016
CWLC 7 Spanish 2022 Family
564
Language
Feb 3, 2020
CWLC 7F 2022 French School
530
Language
Jan 18, 2021
Go to Creator's Profile
Score Distribution
Quiz Creator Spotlight
monsieurbiscuit
Follow
Send a Message
Quizzes Created
-
Created Quiz Play Count
-
More By This Creator
Popular Quizzes Today
1
Find the 'City' Movie
2
Colored Red Africa Blitz
3
Find the US States - No Outlines Minefield
4
5x2 Blitz: Bands
5
The Countries of the World
6
Find the US States
7
US States
8
9x9 Crossword: Cartoon Network
More Language Quizzes
Smells Like (La)tin Spirit
Curator's Pick
Trending Quizzes
Colored Red Europe Blitz I
Colored Red Africa Blitz II
Colored Red Europe Blitz II
Colored Red Africa Blitz III
Colored Red Europe Blitz III
Recently Updated
2024 March Madness Bracket
pecheneg
Famous TV Couples
Peacemaker
Champions League XIs: Real Madrid
pecheneg
Largest US Cities 1790-2010
pecheneg
Rides in Walt Disney World
pecheneg
Most Oscar Losses (Acting)
pecheneg
Beyoncé Albums
pecheneg
Leaping Animals
pecheneg
Reality TV Shows (A-Z)
bhenderson79
Rickey Henderson's Hall of Fame Teammates
pecheneg
Trending Topics
Crossword
Disney
Kpop
NBA
Anime
Marvel
Harry Potter
Soccer
NFL
The Office
Puzzle
Country
Pokémon
WWE
Song
Your Account Isn't Verified!
In order to create a playlist on Sporcle, you need to verify the email address you used during registration. Go to your
Sporcle Settings
to finish the process.
Report this User
Report this user for behavior that violates our
Community Guidelines
.
Details:
Send Report
Go to the Sporcle.com Mobile Site →
Comments